Statistics for Taylor Swift "1989" Songs

Click here to take the quiz!

General Stats

  • This quiz has been taken 1,124 times
  • The average score is 8 of 10

Answer Stats

HintAnswer% Correct
This first song in her album features a major city."Welcome to New York"
98%
This song's music video featured Taylor dancing with different groups."Shake it Off"
96%
Which song featured the lyrics, "I've heard that you've been out and about with some other girl.""Style"
95%
This song featured Kendrick Lamar."Bad Blood"
94%
This song was the most listened to T-Swizzle song of 2015."Blank Space"
92%
Which song's music video was portrayed as Taylor acting in an African movie?"Wildest Dreams"
86%
Which song's music video is probably the most violent and graphic video that Taylor has ever has ever made?"Out of the Woods"
81%
Which song is said to be the most powerful track in the whole album?"Clean"
75%
Which song describes 2 A.M. in Taylor's ex's car?"I Wish You Would"
65%
This song's inspiration was based off a dream Taylor had about her ex-boyfriend."All You Had To Do Was Stay"
62%

Score Distribution

Percentile by Number Answered

Percent of People with Each Score

Your Score History

You have not taken this quiz